00720nam a2200181 4500003001100000008004100011040003900052041000800091082001600099111009600115245006000211260007200271650004500343650003700388942000700425952009100432999001500523LK-CoMWRAF240309b2002 |||||||| |||| 00| 0 eng d aLK-CoMWRAFdLK-CoMWRAFeLK-CoMWRAF aeng a305.42bASI aASIA PACIFIC FORUM ON WOMEN, LAW AND DEVELOPMENTc( Chaingmai, Thailandd4-5 November 1999) aWomen and decision making in South Asia and the Pacific aChaingmal:bAsia Pacific forum on women, law and development,c2002 aFEMINISM-Decision making-South east Asia aFEMINISM-Decision making-Pacific cCP 00104070aMAINbMAINd2024-03-09l0o305.42 ASIpRAF5190r2024-03-09w2024-03-09yCP c4850d4850